|
|
|
|
| LEADER |
01758nam a22003252a 4500 |
| 001 |
000243748 |
| 003 |
CZ BrMZK |
| 005 |
20120802145709.0 |
| 007 |
ta |
| 008 |
970107s1975 xr f 000 0 cze d |
| 015 |
|
|
|a cnb000458038
|
| 035 |
|
|
|a (OCoLC)42124413
|
| 040 |
|
|
|a BOA001
|b cze
|
| 100 |
1 |
|
|a Riedl, Mirko,
|d 1920-2013
|7 jk01102416
|4 aut
|
| 245 |
1 |
0 |
|a Michelangelo Buonarroti v Universitní knihovně v Brně :
|b bibliografie : u příležitosti výstavy uspořádané 9.-31. 8.1975
|c Mirko Riedl
|
| 260 |
|
|
|a Brno :
|b Universitní knihovna,
|c 1975
|
| 300 |
|
|
|a 70 s.
|
| 490 |
1 |
|
|a Výběrový seznam ;
|v č. 191
|
| 500 |
|
|
|a Dostupné též v digitální podobě v aplikaci Kramerius
|
| 830 |
|
0 |
|a Výběrový seznam (Univerzitní knihovna v Brně)
|
| 856 |
4 |
1 |
|u http://www.digitalniknihovna.cz/mzk/uuid/uuid:e7d1c4f0-4be0-11e5-8851-005056827e51
|y Digitalizovaný dokument
|x NDK
|
| 910 |
|
|
|a BOA001
|b PK-0074.443
|b 2-0742.446
|
| 964 |
|
|
|a Michelangelo Buonarroti - 1475-1564 - jn19992000718 - život a dílo - bibliografie výběrové
|
| 990 |
|
|
|a BK
|
| 996 |
7 |
|
|b 2619562460
|c 2-0742.446
|l Sklad H1
|r Sklad / do 24 hodin
|n 0
|h HS 212
|w 000243748
|u 000020
|a 1
|e BOA001
|j MZK50
|s A
|
| 996 |
7 |
|
|b 2619562461
|c 2-0742.446
|l Sklad H1
|r Sklad / do 24 hodin
|n 0
|h HS 212
|w 000243748
|u 000040
|a 1
|e BOA001
|j MZK50
|s A
|
| 996 |
7 |
|
|b 2619562462
|c 2-0742.446
|l Sklad H1
|r Sklad / do 24 hodin
|n 0
|h HS 212
|w 000243748
|u 000060
|a 1
|e BOA001
|j MZK50
|s A
|
| 996 |
7 |
|
|b 2619562463
|c 2-0742.446
|l Sklad H1
|r Sklad / do 24 hodin
|n 0
|h HS 212
|w 000243748
|u 000050
|a 1
|e BOA001
|j MZK50
|s A
|
| 996 |
6 |
|
|b 2619562464
|c 2-0742.446
|l Sklad H1
|r Sklad / do 24 hodin
|n 0
|h HS 212
|w 000243748
|u 000030
|a 1
|e BOA001
|j MZK50
|s P
|
| 996 |
7 |
|
|b 3119910395
|c PK-0074.443
|l MZK
|r Sklad / do 1 hodiny
|n 9
|w 000243748
|u 000010
|a 1
|e BOA001
|j MZK50
|s A
|